| 000 | 00457cam a2200181 4500 | ||
|---|---|---|---|
| 001 | D2370 | ||
| 008 | 090401t1975 xxu||||| |||| 00| 0 eng d | ||
| 035 | _a(Sirsi) u68802 | ||
| 041 | _aeng | ||
| 050 | _a333.33709485 | ||
| 110 |
_aChestertons _92189 |
||
| 245 | 2 | _aA report on the commercial property market in Sweden August 1975 | |
| 260 |
_aLondon _bChestertons _c1975 |
||
| 300 | _a49p. ill. 30cm | ||
| 350 | _a0 | ||
| 942 | _n0 | ||
| 948 | _c04/03/1997 | ||
| 999 |
_c95135 _d95135 |
||